Italian Language Adverbs of Time #1 - Statistics

General Stats
  • This quiz has been taken 106 times
    19 since last reset
  • The average score is 14 of 20
Answer Stats
Hint Answer % Correct
during durante
100%
always sempre
100%
late tardi
100%
still/yet ancora
67%
just appena
67%
after/later/afterwards dopo
67%
ago fa
67%
until fino a
67%
already gia
67%
never/ever mai
67%
forever per sempre
67%
then/at that time poi/allora
67%
early/soon presto
67%
before prima
67%
next prossima
67%
often spesso
67%
right away/at once subito
67%
a while/a bit un po'
67%
since then da allora
33%
now ora/adesso
33%
No matching quizzes found
Score Distribution
Percent of People with Each Score
Percentile by Number Answered
Your Score History
You have not taken this quiz since the last reset